000
00306nam a2200109 a 4500
005
20201002044914.0
008
140402s1970 000 spa d
100
_a
Palacio Valdés, Armando
_9
71493
245
3
_a
La alegría del capitán ribot.
260
_a
Madrid -- Libra,
_c
1970 --185 p.
999
_c
43150
_d
43150
040
_a
DO-SdBNP